Documento de trabajo (Registro nro. 8850)
[ vista simple ]
| 000 -LEADER | |
|---|---|
| fixed length control field | 00868nas a2200265 454500 |
| 001 - CONTROL NUMBER | |
| control field | 39727 |
| 005 - DATE AND TIME OF LATEST TRANSACTION | |
| control field | 20260407193510.0 |
| 008 - FIXED-LENGTH DATA ELEMENTS--GENERAL INFORMATION | |
| fixed length control field | 260407s2001####ag###########|||spa#d |
| 003 - CONTROL NUMBER IDENTIFIER | |
| control field | AR-UNSa-BCEJYS |
| 040 ## - CATALOGING SOURCE | |
| Original cataloging agency | AR-UNSa-BCEJYS |
| Language of cataloging | spa |
| Transcribing agency | AR-UNSa-BCEJYS |
| 080 ## - UNIVERSAL DECIMAL CLASSIFICATION NUMBER | |
| Universal Decimal Classification number | 330 |
| Common auxiliary subdivision | Economía en general |
| 041 ## - LANGUAGE CODE | |
| Language code of text/sound track or separate title | spa |
| 100 1# - MAIN ENTRY--PERSONAL NAME | |
| Personal name | Universidad Nacional del Sur. Departamento de Economía. Instituto de Economía |
| 245 10 - TITLE STATEMENT | |
| Title | Documento de trabajo |
| 264 #1 - PRODUCTION, PUBLICATION, DISTRIBUTION, MANUFACTURE, AND COPYRIGHT NOTICE | |
| Place of production, publication, distribution, manufacture | Bahía Blanca : |
| Name of producer, publisher, distributor, manufacturer | Universidad Nacional del Sur |
| Date of production, publication, distribution, manufacture, or copyright notice | 2001 |
| 310 ## - CURRENT PUBLICATION FREQUENCY | |
| Current publication frequency | Frecuencia: Irregular |
| 590 ## - LOCAL NOTE (RLIN) | |
| Local note | niveau_biblio:s niveau_hierar:1 |
| 650 ## - SUBJECT ADDED ENTRY--TOPICAL TERM | |
| Topical term or geographic name entry element | IMPUESTOS |
| 650 ## - SUBJECT ADDED ENTRY--TOPICAL TERM | |
| Topical term or geographic name entry element | ECONOMIA |
| 650 ## - SUBJECT ADDED ENTRY--TOPICAL TERM | |
| Topical term or geographic name entry element | ECONOMIA INTERNACIONAL |
| 700 1# - ADDED ENTRY--PERSONAL NAME | |
| Personal name | Salloum, Damián |
| 700 1# - ADDED ENTRY--PERSONAL NAME | |
| Personal name | Castellano, Federico G. |
| 856 41 - ELECTRONIC LOCATION AND ACCESS | |
| Uniform Resource Identifier | <a href="https://biblioeco.unsa.edu.ar/pmb/images/revistas/R20395.jpg">https://biblioeco.unsa.edu.ar/pmb/images/revistas/R20395.jpg</a> |
| Link text | Imagen de portada |
| Electronic format type | image/jpeg |
| 942 ## - ADDED ENTRY ELEMENTS (KOHA) | |
| Koha item type | |
| Withdrawn status | Lost status | Damaged status | Not for loan | Home library | Current library | Shelving location | Date acquired | Serial enumeration / chronology | Total checkouts | Full call number | Barcode | Date last seen | Price effective from | Koha item type |
|---|---|---|---|---|---|---|---|---|---|---|---|---|---|---|
| Biblioteca Prof. Eusebio Cleto del Rey | Biblioteca Prof. Eusebio Cleto del Rey | 01/07/2003 | Nº 4 - jul. 2003 | H330 SUR 4 | R20395 | 10/04/2026 | 10/04/2026 | Numero | ||||||
| Biblioteca Prof. Eusebio Cleto del Rey | Biblioteca Prof. Eusebio Cleto del Rey | 01/05/2003 | Nº 2 - mayo 2003 | H330 SUR 2 | R20394 | 10/04/2026 | 10/04/2026 | Numero | ||||||
| Biblioteca Prof. Eusebio Cleto del Rey | Biblioteca Prof. Eusebio Cleto del Rey | 01/06/2001 | Nº 1 - jun. 2001 | H330 SUR 1 | R20393 | 10/04/2026 | 10/04/2026 | Numero |